000 00527cam a22002054a 4500
005 20250605164252.0
008 250528s ||||||||||||||||||||||||d
035 _a21791
020 _a9789608065864
040 _aGR-AtMCL
_bgre
_dGR-AtMCL
_eAACR2
245 1 _aΔΙΑΒΙΟΥ ΜΑΘΗΣΗ
250 _a1
260 _bΖυγός,
_c2012
300 _a343
700 1 _aΒρυνιωτη Καλλιοπη Π
700 1 _aΚελπανιδης Μιχαλης
_97709
942 _cBK
999 _c6850
_d6850